La Casa de España y el Colegio de México (Record no. 47924)

MARC details
000 -LEADER
campo de control de longitud fija 00936nam a2200265 i 4500
001 - NÚMERO DE CONTROL
campo de control 47924
003 - IDENTIFICADOR DE NÚMERO DE CONTROL
campo de control ES-MaACL
005 - FECHA Y HORA DE LA ÚLTIMA TRANSACCIÓN
campo de control 20260526162456.0
007 - CAMPO FIJO DE DESCRIPCIÓN FÍSICA--INFORMACIÓN GENERAL
campo de control de longitud fija t|
008 - DATOS DE LONGITUD FIJA--INFORMACIÓN GENERAL
campo de control de longitud fija 030625s2000 mx ||||1| spa d
020 ## - NÚMERO INTERNACIONAL ESTÁNDAR DEL LIBRO
Número Internacional Estándar del Libro 968-12-0993-1
080 ## - NÚMERO DE LA CLASIFICACIÓN DECIMAL UNIVERSAL
Número de la Clasificación Decimal Universal 929-054.7(=1.460:72):008
100 1# - ENTRADA PRINCIPAL--NOMBRE DE PERSONA
Nombre de persona Lida, Clara E.,
Enlace entre campo y número de secuencia 1941-
9 (RLIN) 243134
245 13 - MENCIÓN DEL TÍTULO
Título La Casa de España y el Colegio de México
Resto del título : memoria 1938-2000 /
Mención de responsabilidad, etc. Clara E. Lida, José Antonio Matesanz, Josefina Zoraida Vázquez.
250 ## - MENCION DE EDICION
Mención de edición 1ª ed.
260 ## - PUBLICACIÓN, DISTRIBUCIÓN, ETC.
Lugar de publicación, distribución, etc. México :
Nombre del editor, distribuidor, etc. El Colegio de México,
Fecha de publicación, distribución, etc. 2000.
300 ## - DESCRIPCIÓN FÍSICA
Extensión 574 p. ;
Dimensiones 23 cm.
610 27 - PUNTO DE ACCESO ADICIONAL DE MATERIA--NOMBRE DE ENTIDAD CORPORATIVA
Nombre de entidad corporativa o nombre de jurisdicción como elemento de entrada Casa de España en México-
Subdivisión de forma Historia.
9 (RLIN) 2468
610 27 - PUNTO DE ACCESO ADICIONAL DE MATERIA--NOMBRE DE ENTIDAD CORPORATIVA
Nombre de entidad corporativa o nombre de jurisdicción como elemento de entrada Colegio de México-
Subdivisión de forma Historia.
9 (RLIN) 2912
650 #4 - PUNTO DE ACCESO ADICIONAL DE MATERIA--TÉRMINO DE MATERIA
Término de materia o nombre geográfico como elemento de entrada Exiliados españoles-
Subdivisión geográfica México-
Subdivisión general Vida intelectual.
9 (RLIN) 160018
700 1# - ENTRADA AGREGADA--NOMBRE PERSONAL
Nombre de persona Matesanz, José Antonio.
9 (RLIN) 78997
700 1# - ENTRADA AGREGADA--NOMBRE PERSONAL
Nombre de persona Vázquez, Josefina Zoraida.
9 (RLIN) 113365
852 ## - LOCALIZACIÓN
Ubicación ES-MaACL
Número de control de estantería L-26438
Sublocalización o colección R.131957
Holdings
Estatus retirado Estado de pérdida Estado de daño No para préstamo Biblioteca de origen Biblioteca actual Ubicación en estantería Fecha de adquisición Fuente de adquisición Total de préstamos Signatura topográfica completa Código de barras Visto por última vez Precio de reemplazo Tipo de ítem Koha
        Biblioteca del Ateneo de Madrid Biblioteca del Ateneo de Madrid Depósito 2 17/01/2008     L-26438 1050434 23/02/2023 23/02/2023 Libro impreso